Religion in Essence and Manifestation. (Record no. 11359)

MARC details
000 -LEADER
fixed length control field 00643nam a2200253 a 4500
020 ## - INTERNATIONAL STANDARD BOOK NUMBER
ISBN
082 00 - DEWEY DECIMAL CLASSIFICATION NUMBER
Classification number 291
Author Cutter LEE
100 ## - MAIN ENTRY--AUTHOR NAME
Author name Leeuw, G Van Der
245 ## - TITLE STATEMENT
Title Religion in Essence and Manifestation.
260 ## - PUBLICATION, DISTRIBUTION, ETC. (IMPRINT)
Place of publication New Jersy
Name of publisher Princeston University Press
Year of publication 1986
300 ## - PHYSICAL DESCRIPTION
Number of Pages 727p
500 ## - GENERAL NOTE
General note includes index and biblioraphy
505 2# - FORMATTED CONTENTS NOTE
Formatted contents note Index
650 ## - SUBJECT ADDED ENTRY--TOPICAL TERM
Topical Term Comparative Religion
650 ## - SUBJECT ADDED ENTRY--TOPICAL TERM
Topical Term Religion-Historiography
942 ## - ADDED ENTRY ELEMENTS (KOHA)
Koha item type Books
700 1# -
-- Leeuw, G Van Der
Holdings
Home library Current library Date acquired Cost, normal purchase price Full call number Accession Number Koha item type
Henry Martyn Institute Library Henry Martyn Institute Library 07/20/2007 414.00 291 LEE 015040 E-Books
                   Copyright © 2026 | Henry Martyn Institute | Hyderabad | TS-500052 | INDIA | Implemented by hmi.edu.in
Hit-Count:

Powered by Koha